Business research methodology / (Record no. 207954)
[ view plain ]
| 000 -LEADER | |
|---|---|
| fixed length control field | 00791nam a2200241Ia 4500 |
| 005 - DATE AND TIME OF LATEST TRANSACTION | |
| control field | 20220124154736.0 |
| 008 - FIXED-LENGTH DATA ELEMENTS--GENERAL INFORMATION | |
| fixed length control field | 210716s2011 xx 000 0 und d |
| 020 ## - INTERNATIONAL STANDARD BOOK NUMBER | |
| International Standard Book Number | 9780070159105 |
| 040 ## - CATALOGING SOURCE | |
| Transcribing agency | AIMIT LIBRARY |
| 041 ## - LANGUAGE CODE | |
| Language code of text/sound track or separate title | eng |
| 082 ## - DEWEY DECIMAL CLASSIFICATION NUMBER | |
| Classification number | 001.42 |
| Edition number | 1 |
| Item number | SRIT |
| 100 ## - MAIN ENTRY--PERSONAL NAME | |
| Personal name | Srivastava T N. |
| 9 (RLIN) | 14594 |
| 245 ## - TITLE STATEMENT | |
| Title | Business research methodology / |
| Statement of responsibility, etc. | by T N Srivastava and Shailaja Rego. |
| 250 ## - EDITION STATEMENT | |
| Edition statement | [1st. ed.] |
| 260 ## - PUBLICATION, DISTRIBUTION, ETC. | |
| Place of publication, distribution, etc. | New Delhi ; |
| Name of publisher, distributor, etc. | Tata McGraw Hill Publishing Company Ltd. , |
| Date of publication, distribution, etc. | 2011. |
| 300 ## - PHYSICAL DESCRIPTION | |
| Extent | xx, 1.1-16.12p , A1-I.5p ; |
| Dimensions | 24cm. |
| 650 ## - SUBJECT ADDED ENTRY--TOPICAL TERM | |
| Topical term or geographic name entry element | Research Methodology |
| 9 (RLIN) | 14595 |
| 650 ## - SUBJECT ADDED ENTRY--TOPICAL TERM | |
| Topical term or geographic name entry element | Research Design |
| 9 (RLIN) | 14596 |
| 650 ## - SUBJECT ADDED ENTRY--TOPICAL TERM | |
| Topical term or geographic name entry element | Presentation of Data |
| 9 (RLIN) | 14597 |
| 650 ## - SUBJECT ADDED ENTRY--TOPICAL TERM | |
| Topical term or geographic name entry element | Ethics in Business Research |
| 9 (RLIN) | 14598 |
| 700 ## - ADDED ENTRY--PERSONAL NAME | |
| Personal name | Rego, Shailaja. |
| 9 (RLIN) | 14599 |
| 942 ## - ADDED ENTRY ELEMENTS (KOHA) | |
| Source of classification or shelving scheme | Dewey Decimal Classification |
| Koha item type | Book |
| Edition | 1st |
| Call number prefix | 001.42 SRIT |
| Withdrawn status | Lost status | Source of classification or shelving scheme | Damaged status | Not for loan | Collection code | Home library | Current library | Shelving location | Date acquired | Cost, normal purchase price | Inventory number | Total Checkouts | Full call number | Barcode | Date last seen | Cost, replacement price | Price effective from | Koha item type | Date last checked out |
|---|---|---|---|---|---|---|---|---|---|---|---|---|---|---|---|---|---|---|---|
| Dewey Decimal Classification | MBA | St Aloysius Institute of Management & Information Technology | St Aloysius Institute of Management & Information Technology | Research Methodology | 02/21/2013 | 465.00 | Bill no:1230; Bill dt:2013-02-15 | 001.42 SRIT | MBA10520 | 05/23/2026 | 348.75 | 07/16/2021 | Book | ||||||
| Dewey Decimal Classification | MBA | St Aloysius Institute of Management & Information Technology | St Aloysius Institute of Management & Information Technology | Research Methodology | 02/21/2013 | 465.00 | Bill no:1230; Bill dt:2013-02-15 | 1 | 001.42 SRIT | MBA10521 | 05/23/2026 | 348.75 | 07/16/2021 | Book | 01/08/2026 | ||||
| Dewey Decimal Classification | MBA | St Aloysius Institute of Management & Information Technology | St Aloysius Institute of Management & Information Technology | Research Methodology | 02/21/2013 | 465.00 | Bill no:1230; Bill dt:2013-02-15 | 001.42 SRIT | MBA10522 | 05/23/2026 | 348.75 | 07/16/2021 | Book | ||||||
| Dewey Decimal Classification | MBA | St Aloysius Institute of Management & Information Technology | St Aloysius Institute of Management & Information Technology | Research Methodology | 02/21/2013 | 465.00 | Bill no:1230; Bill dt:2013-02-15 | 1 | 001.42 SRIT | MBA10523 | 05/23/2026 | 348.75 | 07/16/2021 | Book | 01/08/2026 | ||||
| Dewey Decimal Classification | Reference Book | MBA | St Aloysius Institute of Management & Information Technology | St Aloysius Institute of Management & Information Technology | Research Methodology | 02/21/2013 | 465.00 | Bill no:1230; Bill dt:2013-02-15 | 001.42 SRIT | MBA10524 | 07/21/2025 | 348.75 | 07/16/2021 | Book |